|
|
|
|
| LEADER |
00000nam0a2200000 4500 |
| 001 |
336037 |
| 005 |
20231102004820.0 |
| 035 |
|
|
|a (RuTPU)RU\TPU\book\362453
|
| 035 |
|
|
|a RU\TPU\book\48162
|
| 090 |
|
|
|a 336037
|
| 100 |
|
|
|a 20171009d1988 k y0rusy50 ca
|
| 101 |
0 |
|
|a rus
|
| 102 |
|
|
|a RU
|
| 105 |
|
|
|a a dm 001zy
|
| 200 |
1 |
|
|a Получение высших 9-алкилкарбазолов и поверхностно-активных сульфонатов на их основе
|e автореферат диссертации на соискание ученой степени кандидата химических наук
|e спец. 05.17.04
|f А. В. Борило
|g Академия наук СССР (АН СССР), Сибирское отделение (СО) , Институт химии нефти (ИХН) ; науч. рук. Е. Е. Сироткина
|
| 210 |
|
|
|a Томск
|d 1989
|
| 215 |
|
|
|a 18 с.
|c ил.
|
| 320 |
|
|
|a Библиогр.: с. 17-18 (11 назв.)
|
| 606 |
1 |
|
|a Карбазолы
|2 stltpush
|3 (RuTPU)RU\TPU\subj\32370
|9 54940
|
| 610 |
1 |
|
|a органический синтез
|
| 610 |
1 |
|
|a сульфоновые кислоты
|
| 610 |
1 |
|
|a щелочи
|
| 610 |
1 |
|
|a получение
|
| 610 |
1 |
|
|a алкилирование
|
| 610 |
1 |
|
|a сульфирование
|
| 610 |
1 |
|
|a физико-химические свойства
|
| 610 |
1 |
|
|a авторефераты диссертаций
|
| 675 |
|
|
|a 661.7(04)
|v 4
|
| 686 |
|
|
|a 05.17.04
|2 oksvnk
|
| 700 |
|
1 |
|a Борило
|b А. В.
|g Анатолий Владимирович
|
| 702 |
|
1 |
|a Сироткина
|b Е. Е.
|4 727
|
| 712 |
0 |
2 |
|a Академия наук СССР (АН СССР)
|b Сибирское отделение (СО)
|b Институт химии нефти (ИХН)
|c (Томск)
|2 stltpush
|3 (RuTPU)RU\TPU\col\11796
|
| 801 |
|
1 |
|a RU
|b 63413507
|c 20021225
|g PSBO
|
| 801 |
|
2 |
|a RU
|b 63413507
|c 20171019
|g PSBO
|
| 942 |
|
|
|c BK
|